[Event "7eme open international de La Fere"]
[Site "La Fere (FRA)"]
[Date "2008.07.05"]
[Round "1.30"]
[White "Tenot, Fabrice"]
[Black "Demeestere, Laurent"]
[Result "0-1"]
[WhiteElo "1760"]
[BlackElo "1941"]
[PlyCount "88"]
[EventDate "2008.??.??"]

1. d4 Nf6 2. c4 g6 3. Nc3 d5 4. Nf3 Bg7 5. e3 O-O 6. Bd3 c5 7. Ne2 cxd4 8.
Nfxd4 e5 9. Nb5 a6 10. Na3 dxc4 11. Nxc4 Be6 12. Qc2 Nc6 13. a3 Rc8 14. Qb1 e4
15. Bxe4 Bxc4 16. Bf3 Qd3 17. Qxd3 Bxd3 18. O-O Be4 19. Bxe4 Nxe4 20. f3 Nc5
21. Rb1 Nb3 22. Nc3 Rfd8 23. e4 Bd4+ 24. Kh1 Bxc3 25. bxc3 Nxc1 26. Rfxc1 Na5
27. h4 Rd3 28. Kh2 Rdxc3 29. Rd1 Rxa3 30. h5 gxh5 31. Rd5 Rc6 32. Rxh5 Ra2 33.
Kh3 Kg7 34. g4 Rh6 35. Rd1 Rxh5+ 36. gxh5 Nc4 37. Rd5 Ra5 38. Kg4 Rxd5 39. exd5
Kf6 40. Kf4 a5 41. Ke4 a4 42. Kd3 a3 43. d6 a2 44. d7 Ke7 0-1

[Event "7eme open international de La Fere"]
[Site "La Fere (FRA)"]
[Date "2008.07.05"]
[Round "1.31"]
[White "Feryn, Alexandre"]
[Black "Brobecker, Alain"]
[Result "0-1"]
[WhiteElo "1940"]
[BlackElo "1758"]
[PlyCount "110"]
[EventDate "2008.??.??"]

1. e4 d6 2. d4 Nf6 3. Nc3 g6 4. f4 Bg7 5. Nf3 c5 6. dxc5 Qa5 7. Bd3 Qxc5 8. Qe2
Bd7 9. a3 O-O 10. Be3 Qc8 11. O-O Nc6 12. h3 Nh5 13. Qe1 Bh6 14. Nh2 e5 15. Nd5
exf4 16. Nxf4 Nxf4 17. Bxf4 Bg7 18. Bxd6 Bxb2 19. Bxf8 Bxa1 20. Qxa1 Qxf8 21.
Kh1 Qc5 22. Qf6 Rf8 23. Nf3 Qxa3 24. Qf4 Kg7 25. Ng5 Qe7 26. Rb1 b6 27. Nf3 Rc8
28. e5 f6 29. Qh4 Nxe5 30. Re1 Qd6 31. Qg3 Re8 32. Nh4 Nf7 33. Qf2 Rxe1+ 34.
Qxe1 Qe5 35. Qd1 Bc6 36. Qg4 Nh6 37. Qb4 Qa1+ 38. Kh2 Qe5+ 39. g3 Qc5 40. Qf4
Qe5 41. Qb4 Qe3 42. Qf4 Qxf4 43. gxf4 a5 44. Kg3 a4 45. Nf3 a3 46. Nd4 Bd5 47.
c4 a2 48. Nc2 Be6 49. Kf3 Bxh3 50. Ke3 Be6 51. Kd4 Nf7 52. Kc3 Nd6 53. Kb4 h5
54. c5 bxc5+ 55. Kxc5 Nf5 0-1

[Event "7eme open international de La Fere"]
[Site "La Fere (FRA)"]
[Date "2008.07.05"]
[Round "1.32"]
[White "Dumas, Victor"]
[Black "Feryn, Benjamin"]
[Result "1-0"]
[WhiteElo "1756"]
[BlackElo "1918"]
[PlyCount "60"]
[EventDate "2008.??.??"]

1. e4 e5 2. f4 Nc6 3. Nf3 f5 4. d3 d6 5. Nc3 Nf6 6. Be2 Be7 7. O-O O-O 8. fxe5
dxe5 9. Bg5 Bc5+ 10. Kh1 h6 11. Bxf6 Qxf6 12. Nd5 Qd6 13. c3 Be6 14. b4 fxe4
15. dxe4 Bb6 16. Bc4 Rae8 17. a4 a6 18. Nxb6 Qxd1 19. Bxe6+ Rxe6 20. Rfxd1 cxb6
21. Rd7 Rb8 22. Rad1 Ree8 23. R1d6 Kh7 24. Kg1 Kg8 25. b5 axb5 26. axb5 Na5 27.
Rg6 Rbd8 28. Rdxg7+ Kf8 29. Nh4 Rd1+ 30. Kf2 Rd2+ 1-0

[Event "7eme open international de La Fere"]
[Site "La Fere (FRA)"]
[Date "2008.07.05"]
[Round "1.33"]
[White "Boudier, Eric"]
[Black "Jimenez, Martin"]
[Result "1-0"]
[WhiteElo "1898"]
[BlackElo "1750"]
[PlyCount "117"]
[EventDate "2008.??.??"]

1. Nc3 c6 2. d4 d5 3. Bf4 e6 4. e3 Nf6 5. Bd3 Bd6 6. Bg5 Nbd7 7. Nf3 O-O 8. e4
dxe4 9. Nxe4 Be7 10. Qe2 c5 11. dxc5 Nxc5 12. Nxc5 Qa5+ 13. c3 Qxc5 14. O-O b6
15. Bxf6 Bxf6 16. Qe4 Qf5 17. Qxa8 Qxd3 18. Qxa7 Qd6 19. Rad1 Qc6 20. Qa3 Bb7
21. Qd6 Qb5 22. Qd7 Bc6 23. Qd6 Bxf3 24. gxf3 Qxb2 25. Qb4 Bxc3 26. Qxb2 Bxb2
27. Rd6 Ra8 28. Rxb6 Bd4 29. Rb4 Bc5 30. Rb2 g6 31. Rd1 Ra3 32. Kg2 e5 33. Rdd2
Bd4 34. Rb3 Ra4 35. Rc2 g5 36. Kf1 Kg7 37. Ke2 Kg6 38. Rb1 h5 39. h3 Kf5 40.
Rg1 Kf4 41. Rb1 f5 42. Rb3 h4 43. Kf1 Ba1 44. Kg2 Bd4 45. a3 e4 46. fxe4 Kxe4
47. f3+ Ke5 48. Rb5+ Kf4 49. Rb4 Rxb4 50. axb4 Ke5 51. Kf1 Kd5 52. Ke2 Kd6 53.
Kd3 Kd5 54. Rg2 Bf6 55. b5 Kc5 56. Rc2+ Kxb5 57. Rc8 f4 58. Ke4 Kb4 59. Kf5 1-0

[Event "7eme open international de La Fere"]
[Site "La Fere (FRA)"]
[Date "2008.07.05"]
[Round "1.34"]
[White "Regniez, Jeremy"]
[Black "Delboe, Charles"]
[Result "1/2-1/2"]
[WhiteElo "1750"]
[BlackElo "1884"]
[PlyCount "40"]
[EventDate "2008.??.??"]

1. d4 e6 2. Bf4 Nf6 3. e3 b6 4. Nd2 Bb7 5. Ngf3 Be7 6. Bd3 d5 7. Ne5 O-O 8. O-O
c5 9. c3 Nbd7 10. Qf3 cxd4 11. exd4 Nxe5 12. Bxe5 Nd7 13. Qh3 h6 14. Bxg7 Kxg7
15. Qg4+ Kh8 16. Qh3 Kg7 17. Qg4+ Kh8 18. Qh3 Kg7 19. Qg4+ Kh8 20. Qh3 Kg7
1/2-1/2

[Event "7eme open international de La Fere"]
[Site "La Fere (FRA)"]
[Date "2008.07.05"]
[Round "1.35"]
[White "Marchal, Chantal"]
[Black "Rachenne, Romain"]
[Result "1-0"]
[WhiteElo "1878"]
[BlackElo "1736"]
[PlyCount "45"]
[EventDate "2008.??.??"]

1. e4 e6 2. d4 d5 3. Nd2 c5 4. exd5 exd5 5. Bb5+ Nc6 6. Qe2+ Be6 7. Ngf3 a6 8.
Bxc6+ bxc6 9. dxc5 Bxc5 10. Nb3 Bd6 11. Nbd4 Qd7 12. Nf5 Kf8 13. Nxd6 Qxd6 14.
O-O Nf6 15. Qe5 Qc5 16. c3 Bg4 17. Be3 Qb5 18. Qd6+ Kg8 19. Nd4 Qxb2 20. Rab1
Ne8 21. Qxc6 Bd7 22. Qxa8 Qxc3 23. Rb8 1-0

[Event "7eme open international de La Fere"]
[Site "La Fere (FRA)"]
[Date "2008.07.05"]
[Round "1.36"]
[White "Gobeaut, Benjamin"]
[Black "Vandervorst, Marc"]
[Result "1/2-1/2"]
[WhiteElo "1732"]
[BlackElo "1877"]
[PlyCount "129"]
[EventDate "2008.??.??"]

1. d4 Nf6 2. Nf3 g6 3. c4 Bg7 4. Nc3 d5 5. e3 O-O 6. Qb3 dxc4 7. Bxc4 Nc6 8.
Be2 Na5 9. Qc2 b6 10. e4 Nc6 11. d5 Nb4 12. Qa4 a5 13. O-O e6 14. a3 Na6 15.
Bxa6 Bxa6 16. Rd1 exd5 17. Nxd5 Be2 18. Rd2 Bxf3 19. gxf3 Nxd5 20. Rxd5 Qf6 21.
Qb3 Rad8 22. Bg5 Qxb2 23. Qxb2 Bxb2 24. Bxd8 c6 25. Rd6 Bxa1 26. Bxb6 Rc8 27.
Bxa5 c5 28. Rd8+ Rxd8 29. Bxd8 c4 30. Kf1 Bb2 31. Ke1 Bxa3 32. Bf6 Bb4+ 33. Kd1
Kf8 34. Kc2 Ke8 35. Bc3 Bc5 36. Kd2 Bxf2 37. Be5 Kd7 38. Kc3 Ke6 39. f4 Bg1 40.
h3 Bh2 41. Bb8 Kd7 42. Kxc4 g5 43. Kd3 Bxf4 44. Ba7 Ke6 45. Ke2 f5 46. exf5+
Kxf5 47. Kf3 h5 48. Bf2 Be5 49. Be1 Bd6 50. Bf2 Be5 51. Be1 Bd6 52. Bf2 Ke5 53.
Be3 Be7 54. Bf2 Kd5 55. Be3 Kc4 56. Bb6 Kd3 57. Bc7 Kd2 58. Be5 Kd1 59. Bc3 Ba3
60. Bf6 Bc1 61. Kf2 Bd2 62. Be7 Be1+ 63. Kf3 Bh4 64. Ke4 Ke2 65. Kf5 1/2-1/2

[Event "7eme open international de La Fere"]
[Site "La Fere (FRA)"]
[Date "2008.07.05"]
[Round "1.37"]
[White "Dutel, Francois"]
[Black "Rigolot, Lucie"]
[Result "0-1"]
[WhiteElo "1871"]
[BlackElo "1709"]
[PlyCount "136"]
[EventDate "2008.??.??"]

1. d4 d5 2. Nf3 c6 3. e3 Nf6 4. Bd3 Bg4 5. Nbd2 Nbd7 6. c3 e5 7. e4 exd4 8.
cxd4 dxe4 9. Nxe4 Be7 10. O-O O-O 11. Ng3 Nb6 12. Be3 Nbd5 13. h3 Be6 14. Bd2
h6 15. Rc1 Bb4 16. a3 Bxd2 17. Qxd2 Nc7 18. Ne4 Bf5 19. Nxf6+ Qxf6 20. Bxf5
Qxf5 21. Rc5 Nd5 22. b4 a6 23. a4 Qd7 24. Ne5 Qc7 25. b5 axb5 26. axb5 Qa5 27.
Qb2 Qa4 28. bxc6 bxc6 29. Nxc6 Rfc8 30. Rfc1 Ra6 31. Ne7+ Nxe7 32. Rxc8+ Nxc8
33. Rxc8+ Kh7 34. Qb1+ Rg6 35. Qd3 Qa1+ 36. Kh2 Qb2 37. Rc2 Qb7 38. d5 Qb8+ 39.
g3 Qb6 40. Rc6 Qxf2+ 41. Kh1 Qxg3 42. Qxg3 Rxg3 43. Kh2 Rd3 44. Rd6 f6 45. h4
Kg6 46. Rd7 Kh5 47. d6 Kxh4 48. Kg2 Kh5 49. Kf2 Kg6 50. Ke2 Rd5 51. Kf3 Kf5 52.
Ke3 g6 53. Rh7 Rxd6 54. Rxh6 Kg5 55. Rh1 f5 56. Rg1+ Kf6 57. Kf4 Rd4+ 58. Ke3
Ra4 59. Rb1 Re4+ 60. Kf3 g5 61. Rb6+ Re6 62. Rb4 g4+ 63. Kf4 Re4+ 64. Rxe4 fxe4
65. Kxe4 Kg5 66. Ke3 Kh4 67. Kf2 Kh3 68. Kg1 Kg3 0-1

[Event "7eme open international de La Fere"]
[Site "La Fere (FRA)"]
[Date "2008.07.05"]
[Round "1.39"]
[White "Brelot, Loic"]
[Black "Vernede, Victor"]
[Result "0-1"]
[WhiteElo "1848"]
[BlackElo "1700"]
[PlyCount "66"]
[EventDate "2008.??.??"]

1. d4 e6 2. c4 d5 3. Nc3 Nc6 4. Nf3 Nf6 5. Bg5 Be7 6. e3 O-O 7. a3 a5 8. Qc2 h6
9. Bh4 dxc4 10. Bxc4 Nd5 11. Bxe7 Ncxe7 12. e4 Nf4 13. O-O Neg6 14. Kh1 c6 15.
Rad1 b5 16. Be2 b4 17. axb4 axb4 18. Ra1 Rxa1 19. Rxa1 bxc3 20. bxc3 Nxe2 21.
Qxe2 Bb7 22. e5 Qb6 23. Nd2 Ra8 24. Rb1 Qa6 25. Qd1 Nf4 26. g3 c5+ 27. Nf3 Qf1+
28. Qxf1 Bxf3+ 29. Kg1 Ne2+ 30. Qxe2 Bxe2 31. Kg2 cxd4 32. cxd4 Ra4 33. Re1 Bd3
0-1

[Event "7eme open international de La Fere"]
[Site "La Fere (FRA)"]
[Date "2008.07.05"]
[Round "1.40"]
[White "Marchal, Roger"]
[Black "Poulain, Andre"]
[Result "1/2-1/2"]
[WhiteElo "1698"]
[BlackElo "1835"]
[PlyCount "35"]
[EventDate "2008.??.??"]

1. c4 e5 2. g3 Nf6 3. Bg2 Nc6 4. Nf3 d5 5. cxd5 Nxd5 6. Nc3 Nb6 7. O-O Be7 8.
d3 O-O 9. Be3 Be6 10. Qc1 f6 11. Rd1 Nd4 12. Bxd4 exd4 13. Ne4 Rb8 14. Nc5 Bf7
15. Bh3 Qd6 16. Ne4 Qd8 17. Nc5 Qd6 18. Ne4 1/2-1/2

[Event "7eme open international de La Fere"]
[Site "La Fere (FRA)"]
[Date "2008.07.05"]
[Round "1.41"]
[White "Delmotte, Eric"]
[Black "Aernouts, Ludovic"]
[Result "1-0"]
[WhiteElo "1833"]
[BlackElo "1692"]
[PlyCount "68"]
[EventDate "2008.??.??"]

1. e4 d5 2. exd5 Nf6 3. Nf3 Nxd5 4. Bc4 Nc6 5. O-O Bg4 6. h3 Bh5 7. g4 Bg6 8.
Nc3 Nb6 9. Bb5 Qd6 10. Re1 O-O-O 11. a4 h5 12. g5 Nd4 13. d3 a6 14. Nxd4 Qxd4
15. Be3 Qh4 16. a5 Na8 17. Qf3 e6 18. Bxa6 bxa6 19. Qxa8+ Kd7 20. Qxa6 Qxh3 21.
Qb5+ Kc8 22. a6 Bd6 23. f3 Qg3+ 24. Kf1 Qxf3+ 25. Bf2 Bg3 26. Qb7+ Qxb7 27.
axb7+ Kxb7 28. Bxg3 Rd4 29. Bf2 Rg4 30. Ra7+ Kc8 31. Re5 Kd7 32. Rc5 Rc8 33.
Nb5 h4 34. Nxc7 Kd6 1-0

[Event "7eme open international de La Fere"]
[Site "La Fere (FRA)"]
[Date "2008.07.05"]
[Round "1.42"]
[White "Chevance, Gerard"]
[Black "Casier, Fabrice"]
[Result "1/2-1/2"]
[WhiteElo "1690"]
[BlackElo "1831"]
[PlyCount "78"]
[EventDate "2008.??.??"]

1. d4 Nf6 2. c4 c5 3. d5 e6 4. dxe6 fxe6 5. Nf3 d5 6. e3 Be7 7. Nc3 O-O 8. Be2
Nc6 9. O-O b6 10. b3 Bb7 11. Bb2 d4 12. exd4 cxd4 13. Nb5 e5 14. Ng5 Qd7 15.
Bf3 h6 16. Ne4 a6 17. Nxf6+ Bxf6 18. Nc3 Ne7 19. Ne4 Rad8 20. Ba3 Bxe4 21. Bxe4
Rfe8 22. Qf3 Bg5 23. Rad1 Rf8 24. Qh5 Qe8 25. Qg4 Rf4 26. Qe6+ Qf7 27. Qxe5 Qf6
28. Qxe7 Qxe7 29. Bxe7 Bxe7 30. Bd5+ Kf8 31. Rfe1 Bc5 32. g3 Rf6 33. Rd3 Re8
34. Rxe8+ Kxe8 35. a3 a5 36. b4 axb4 37. axb4 Bxb4 38. Rxd4 Bc5 39. Rd2 Kf8
1/2-1/2

[Event "7eme open international de La Fere"]
[Site "La Fere (FRA)"]
[Date "2008.07.05"]
[Round "1.43"]
[White "Godart, Michel"]
[Black "Siauve, Julien"]
[Result "0-1"]
[WhiteElo "1820"]
[BlackElo "1682"]
[PlyCount "48"]
[EventDate "2008.??.??"]

1. d4 c5 2. d5 d6 3. c4 g6 4. Nc3 Bg7 5. e4 Nf6 6. Be2 O-O 7. g4 Na6 8. g5 Ne8
9. h4 f5 10. h5 fxe4 11. hxg6 hxg6 12. Nxe4 Bf5 13. Ng3 Qd7 14. Nf3 Nb4 15.
Nxf5 Qxf5 16. Kd2 Be5 17. Nxe5 Qxe5 18. f3 Qxg5+ 19. Kc3 Qe5+ 20. Kb3 a5 21. a4
Ra6 22. Qg1 Qxe2 23. Qxg6+ Ng7 24. Bd2 Qxd2 0-1

[Event "7eme open international de La Fere"]
[Site "La Fere (FRA)"]
[Date "2008.07.05"]
[Round "1.44"]
[White "Regniez, Alexiane"]
[Black "Dagnicourt, Francis"]
[Result "1/2-1/2"]
[WhiteElo "1670"]
[BlackElo "1808"]
[PlyCount "40"]
[EventDate "2008.??.??"]

1. c4 e5 2. g3 Nf6 3. Bg2 Nc6 4. Nc3 d6 5. Nf3 Be7 6. d4 exd4 7. Nxd4 Bd7 8.
O-O Qc8 9. Nd5 Nxd5 10. Bxd5 Ne5 11. b3 O-O 12. Qc2 c6 13. Be4 f5 14. Bd3 Nxd3
15. Qxd3 Bf6 16. Rb1 Be7 17. Bf4 Qd8 18. e4 fxe4 19. Qxe4 Kh8 20. Ne6 Bxe6
1/2-1/2

[Event "7eme open international de La Fere"]
[Site "La Fere (FRA)"]
[Date "2008.07.05"]
[Round "1.46"]
[White "Calonne, Pascal"]
[Black "Vinckier, Delphine"]
[Result "0-1"]
[WhiteElo "1660"]
[BlackElo "1801"]
[PlyCount "52"]
[EventDate "2008.??.??"]

1. e4 e6 2. d4 d5 3. exd5 exd5 4. Nf3 Nf6 5. Nc3 c6 6. Bd3 Bg4 7. h3 Bh5 8. g4
Bg6 9. Ne5 Nbd7 10. Nxg6 hxg6 11. Bf4 Qe7+ 12. Qe2 Nxg4 13. Qxe7+ Bxe7 14. Be3
Nxe3 15. fxe3 Bh4+ 16. Kd2 O-O-O 17. b4 Rde8 18. Rhf1 Bg5 19. Rf3 Nf6 20. Rg3
Bh6 21. Be2 Ne4+ 22. Nxe4 Rxe4 23. Kd3 Rhe8 24. Re1 Rxe3+ 25. Rxe3 Rxe3+ 26.
Kd2 Rb3+ 0-1

[Event "7eme open international de La Fere"]
[Site "La Fere (FRA)"]
[Date "2008.07.05"]
[Round "1.47"]
[White "Pavillon, Guillaume"]
[Black "Soveaux, Jean"]
[Result "1-0"]
[WhiteElo "1797"]
[BlackElo "1660"]
[PlyCount "59"]
[EventDate "2008.??.??"]

1. c4 e5 2. Nc3 Nf6 3. Nf3 Nc6 4. e3 d6 5. d4 exd4 6. Nxd4 Bd7 7. Be2 g6 8. O-O
Bg7 9. Bf3 Rb8 10. Nxc6 bxc6 11. Qa4 Rb6 12. c5 dxc5 13. Qxa7 Qb8 14. Qxb8+
Rxb8 15. Rb1 O-O 16. e4 Ng4 17. Bf4 Ne5 18. Be2 Be6 19. a3 c4 20. Na4 Rb5 21.
Nc3 Rb7 22. Na4 Rb5 23. Rfd1 Rfb8 24. Be3 Nd3 25. Bxd3 cxd3 26. Rxd3 Bxb2 27.
Rxb2 Rxb2 28. Nxb2 Rxb2 29. Rd8+ Kg7 30. Bd4+ 1-0

[Event "7eme open international de La Fere"]
[Site "La Fere (FRA)"]
[Date "2008.07.05"]
[Round "1.48"]
[White "Colnot, Nicolas"]
[Black "Ben Porat, Tal"]
[Result "0-1"]
[WhiteElo "1480"]
[BlackElo "1659"]
[PlyCount "50"]
[EventDate "2008.??.??"]

1. e4 e6 2. Nf3 d5 3. e5 c5 4. c3 Nc6 5. Bb5 Qb6 6. Bxc6+ bxc6 7. d4 Ba6 8. Qa4
Bb5 9. Qd1 Ba6 10. b3 cxd4 11. cxd4 Bb4+ 12. Bd2 Bxd2+ 13. Qxd2 Ne7 14. Nc3 Nf5
15. Na4 Qb5 16. Nc5 Nxd4 17. Nxa6 Nxf3+ 18. gxf3 Qxa6 19. Qg5 Qa5+ 20. Kf1 Qb5+
21. Kg2 O-O 22. Kh3 Qd3 23. Qg3 Qf5+ 24. Kh4 g6 25. Rac1 Qh5# 0-1

[Event "7eme open international de La Fere"]
[Site "La Fere (FRA)"]
[Date "2008.07.05"]
[Round "1.49"]
[White "Gonzalez Garcia, Pierre-Emmanuel"]
[Black "Colnot, Loic"]
[Result "1-0"]
[WhiteElo "1643"]
[BlackElo "1470"]
[PlyCount "71"]
[EventDate "2008.??.??"]

1. d4 d5 2. Bf4 Bf5 3. Nf3 Nf6 4. e3 e6 5. Bd3 Bxd3 6. Qxd3 Nc6 7. O-O Nb4 8.
Qb3 e5 9. Nbd2 e4 10. Qc3 Nc6 11. a3 Be7 12. Qd3 O-O 13. c4 dxc4 14. Nxc4 b5
15. Nce5 Nxe5 16. Nxe5 Qd5 17. Rac1 Rac8 18. Nc6 Rfe8 19. Nxe7+ Rxe7 20. Rc5
Qd7 21. Qxb5 Qd8 22. Qa4 Re8 23. Rfc1 Ra8 24. Qc4 Ng4 25. Rxc7 Qh4 26. Bg3 Qf6
27. Rc8 g6 28. Rxa8 Rxa8 29. h3 Nh6 30. Qc8+ Rxc8 31. Rxc8+ Kg7 32. Be5 Qxe5
33. dxe5 Nf5 34. Rc7 h5 35. b4 Kf8 36. b5 1-0

[Event "7eme open international de La Fere"]
[Site "La Fere (FRA)"]
[Date "2008.07.06"]
[Round "2.1"]
[White "Gharamian, Tigran"]
[Black "Marholev, Dimitar"]
[Result "1-0"]
[WhiteElo "2560"]
[BlackElo "2366"]
[PlyCount "41"]
[EventDate "2008.??.??"]

1. e4 e5 2. Nf3 Nc6 3. Bc4 Bc5 4. c3 Nf6 5. d3 d6 6. Nbd2 a6 7. Bb3 O-O 8. Nf1
d5 9. exd5 Nxd5 10. Ng3 h6 11. O-O Nf6 12. Be3 Bd6 13. Nh4 Bg4 14. Qd2 Ne4 15.
Nxe4 Qxh4 16. f4 Ne7 17. Nxd6 cxd6 18. fxe5 dxe5 19. Bc5 Rae8 20. Rae1 Qh5 21.
d4 1-0

[Event "7eme open international de La Fere"]
[Site "La Fere (FRA)"]
[Date "2008.07.06"]
[Round "2.2"]
[White "Konguvel, Ponnuswamy"]
[Black "Abbasov, Farid"]
[Result "0-1"]
[WhiteElo "2415"]
[BlackElo "2552"]
[PlyCount "128"]
[EventDate "2008.??.??"]

1. e4 c5 2. Nf3 d6 3. d4 cxd4 4. Nxd4 Nf6 5. Nc3 a6 6. Bc4 e6 7. Bb3 Nbd7 8.
Bg5 Nc5 9. f4 Be7 10. Qf3 h6 11. Bxf6 Bxf6 12. O-O-O Qb6 13. Qe3 Bd7 14. Kb1
Qc7 15. f5 Nxb3 16. axb3 Qc5 17. fxe6 fxe6 18. Rd3 O-O 19. Rhd1 Rad8 20. Qd2
Be7 21. Nf3 Bc6 22. Qe1 Rf7 23. Qg3 Rdf8 24. Nh4 Qg5 25. Ng6 Qxg3 26. hxg3 Re8
27. Nxe7+ Rexe7 28. Rxd6 Rf6 29. R1d2 Kh7 30. b4 Ref7 31. Ka2 Rg6 32. R2d3 Rg4
33. Re3 Rf6 34. Kb3 Rfg6 35. Rdd3 R6g5 36. Kc4 Kg6 37. Kd4 Kf6 38. Rf3+ Ke7 39.
Rde3 Be8 40. Kd3 Bg6 41. Ke2 h5 42. Kd3 Kd6 43. Kd4 Kc7 44. Rd3 Kc6 45. Rde3
Kd6 46. Rd3 Ke7 47. Rde3 Be8 48. Nb1 Rb5 49. Kc3 g5 50. Nd2 Bc6 51. Rf2 h4 52.
gxh4 gxh4 53. Rfe2 Rh5 54. Kd3 Bb5+ 55. c4 Bd7 56. Rf2 Rhg5 57. Ree2 Rg3+ 58.
Nf3 Rh5 59. Kd4 Be8 60. Ne5 Rgg5 61. Nd3 e5+ 62. Kc5 Rg6 63. b5 a5 64. Rf5 Rd6
0-1

[Event "7eme open international de La Fere"]
[Site "La Fere (FRA)"]
[Date "2008.07.06"]
[Round "2.3"]
[White "Sumets, Andrey"]
[Black "Afek, Yochanan"]
[Result "1-0"]
[WhiteElo "2534"]
[BlackElo "2321"]
[PlyCount "70"]
[EventDate "2008.??.??"]

1. d4 d5 2. Nf3 Nf6 3. c4 dxc4 4. e3 e6 5. Bxc4 c5 6. O-O a6 7. dxc5 Bxc5 8.
Qxd8+ Kxd8 9. Nbd2 Bd7 10. b3 Bb5 11. Bb2 Bxc4 12. Nxc4 Nbd7 13. Rac1 Rc8 14.
Na5 b6 15. Nb7+ Ke7 16. Nxc5 bxc5 17. Rc2 a5 18. Rfc1 a4 19. b4 a3 20. Bd4 c4
21. Rxc4 Rxc4 22. Rxc4 Rb8 23. Bxf6+ Nxf6 24. Nd4 Kd6 25. Nc2 Nd5 26. e4 Nf4
27. Nxa3 Ke5 28. g3 Ne2+ 29. Kg2 Nd4 30. f4+ Kxe4 31. Nc2 Kd3 32. Rxd4+ Kxc2
33. Rd7 Rxb4 34. Rxf7 Kd3 35. Kf2 Rb2+ 1-0

[Event "7eme open international de La Fere"]
[Site "La Fere (FRA)"]
[Date "2008.07.06"]
[Round "2.4"]
[White "Goldsztejn, Gildas"]
[Black "Degraeve, Jean-Marc"]
[Result "0-1"]
[WhiteElo "2374"]
[BlackElo "2523"]
[PlyCount "66"]
[EventDate "2008.??.??"]

1. d4 Nf6 2. c4 c5 3. Nf3 cxd4 4. Nxd4 e5 5. Nb5 d5 6. cxd5 Bc5 7. e3 O-O 8.
N5c3 Qe7 9. Be2 e4 10. Nd2 Rd8 11. Qc2 Bf5 12. a3 Nbd7 13. b4 Bd6 14. Bb2 Rac8
15. Qb3 Nb6 16. O-O Bg4 17. Rfe1 Bxe2 18. Nxe2 Nbxd5 19. Ng3 Bxg3 20. hxg3 Ng4
21. Rad1 Qg5 22. Nxe4 Qh5 23. Rd4 Ndxe3 24. fxe3 Qh2+ 25. Kf1 Qh1+ 26. Ke2
Qxg2+ 27. Kd1 Qxe4 28. Re2 Qb1+ 29. Kd2 Nf6 30. Re1 Rxd4+ 31. exd4 Ne4+ 32. Ke2
Rc2+ 33. Kf3 Rf2+ 0-1

[Event "7eme open international de La Fere"]
[Site "La Fere (FRA)"]
[Date "2008.07.06"]
[Round "2.5"]
[White "Piankov, Evgenij"]
[Black "Gozzoli, Yannick"]
[Result "1/2-1/2"]
[WhiteElo "2337"]
[BlackElo "2502"]
[PlyCount "64"]
[EventDate "2008.??.??"]

1. d4 Nf6 2. Nf3 e6 3. Bg5 h6 4. Bh4 d6 5. Nc3 g5 6. Bg3 Nh5 7. e3 Bg7 8. Bd3
Nxg3 9. hxg3 Nc6 10. Ne2 Bd7 11. c3 Qe7 12. Qc2 O-O-O 13. g4 d5 14. Ng3 e5 15.
Nf5 Bxf5 16. Bxf5+ Kb8 17. dxe5 Nxe5 18. O-O-O c5 19. Kb1 Rd6 20. Nxe5 Qxe5 21.
Rd2 Rhd8 22. Rhd1 c4 23. Bh7 b5 24. a3 a5 25. Qf5 Qxf5+ 26. Bxf5 Kc7 27. Kc2
Kc6 28. Bh7 Kc5 29. Bf5 Kc6 30. Bh7 Kc5 31. Bf5 Bf8 32. Bh7 Bg7 1/2-1/2

[Event "7eme open international de La Fere"]
[Site "La Fere (FRA)"]
[Date "2008.07.06"]
[Round "2.6"]
[White "Meijers, Viesturs"]
[Black "Ringoir, Tanguy"]
[Result "1/2-1/2"]
[WhiteElo "2496"]
[BlackElo "2321"]
[PlyCount "131"]
[EventDate "2008.??.??"]

1. c4 c5 2. Nf3 g6 3. d4 cxd4 4. Nxd4 Nf6 5. Nc3 Nc6 6. e4 d6 7. Be2 Nxd4 8.
Qxd4 Bg7 9. c5 dxc5 10. Qxc5 O-O 11. O-O b6 12. Qa3 Bb7 13. Bf3 Qc7 14. Be3 Qe5
15. Qb4 Rfd8 16. Rfd1 h5 17. h3 Rac8 18. Rd4 Rxd4 19. Bxd4 Qe6 20. Qa3 a6 21.
e5 Nd5 22. Qb3 Nxc3 23. Qxe6 fxe6 24. Bxb7 Ne2+ 25. Kf1 Rc2 26. Be3 Rxb2 27.
Re1 Nc3 28. Bd4 Rc2 29. Bxa6 Nxa2 30. f4 Nb4 31. Bb5 Nd5 32. g3 h4 33. gxh4
Nxf4 34. Re4 Nd5 35. Be8 Rh2 36. Bxg6 Rxh3 37. Be8 Rf3+ 38. Kg2 Rf4 39. Bg6 b5
40. Kg3 Rf1 41. Be8 b4 42. Bd7 Kf7 43. Re2 Rf4 44. Bb2 Rf5 45. Rf2 Rxf2 46.
Kxf2 Nc3 47. Bxc3 bxc3 48. Ba4 Bxe5 49. Bc2 Ke8 50. Kf3 Kd7 51. h5 Kd6 52. h6
Kc5 53. h7 Kb4 54. Ke2 Ka3 55. Kd1 Bh8 56. Ke2 e5 57. Kd1 Kb4 58. Ke2 Kc4 59.
Kf3 Kc5 60. Ke3 Bg7 61. Kf3 Kb4 62. Ke2 Kc4 63. Ke3 Kd5 64. Kf3 Kd4 65. Bb1 Kc4
66. Bc2 1/2-1/2

[Event "7eme open international de La Fere"]
[Site "La Fere (FRA)"]
[Date "2008.07.06"]
[Round "2.7"]
[White "Chetverik, Maxim"]
[Black "Marzolo, Cyril"]
[Result "0-1"]
[WhiteElo "2321"]
[BlackElo "2487"]
[PlyCount "63"]
[EventDate "2008.??.??"]

1. d4 Nf6 2. c4 c5 3. d5 e6 4. Nc3 exd5 5. cxd5 d6 6. Nf3 g6 7. Bg5 h6 8. Bh4
g5 9. Bg3 Nh5 10. e3 Nxg3 11. hxg3 Bg7 12. Bd3 O-O 13. Nd2 Nd7 14. Qc2 Re8 15.
Bh7+ Kf8 16. Bf5 Ne5 17. Bxc8 Rxc8 18. Qf5 b5 19. O-O b4 20. Nce4 c4 21. Rac1
Qc7 22. f4 gxf4 23. Rxf4 Re7 24. Rcf1 c3 25. bxc3 bxc3 26. Nb3 Kg8 27. Qh5 Rb8
28. Nd4 c2 29. Nf5 Qd8 30. Nf6+ Kh8 31. Ng4 Nxg4 32. Rxg4 0-1

[Event "7eme open international de La Fere"]
[Site "La Fere (FRA)"]
[Date "2008.07.06"]
[Round "2.8"]
[White "Riff, Jean-Noel"]
[Black "Jossien, Remy"]
[Result "1-0"]
[WhiteElo "2481"]
[BlackElo "2291"]
[PlyCount "41"]
[EventDate "2008.??.??"]

1. e4 e5 2. Nf3 Nc6 3. Bb5 a6 4. Ba4 Bc5 5. c3 f6 6. d4 Ba7 7. d5 Nce7 8. c4
Ng6 9. h4 N8e7 10. h5 Nf8 11. Nc3 Kf7 12. h6 g6 13. Nxe5+ fxe5 14. Qf3+ Ke8 15.
Bg5 Bc5 16. d6 Bxd6 17. Nd5 Ne6 18. Qf6 Rf8 19. Qxe6 b5 20. Nf6+ Rxf6 21. Qxf6
1-0

[Event "7eme open international de La Fere"]
[Site "La Fere (FRA)"]
[Date "2008.07.06"]
[Round "2.9"]
[White "Van Kampen, Robin"]
[Black "Gaponenko, Inna"]
[Result "1-0"]
[WhiteElo "2294"]
[BlackElo "2468"]
[PlyCount "61"]
[EventDate "2008.??.??"]

1. e4 c5 2. Nf3 d6 3. d4 cxd4 4. Nxd4 Nf6 5. Nc3 g6 6. Be3 Bg7 7. f3 Nc6 8. Qd2
O-O 9. O-O-O d5 10. exd5 Nxd5 11. Nxc6 bxc6 12. Bd4 Bxd4 13. Qxd4 Qc7 14. Bc4
Nb6 15. Rhe1 Nxc4 16. Qxc4 Be6 17. Qc5 Qxh2 18. Qxe7 Qxg2 19. Ne4 Bf5 20. Re2
Qxf3 21. Nf6+ Kh8 22. Qe5 g5 23. Kb1 Bg6 24. a3 c5 25. Rg1 Qf4 26. Qe7 Rfd8 27.
Rh1 Qd6 28. Reh2 Qd1+ 29. Rxd1 Rxd1+ 30. Ka2 Kg7 31. Qe5 1-0

[Event "7eme open international de La Fere"]
[Site "La Fere (FRA)"]
[Date "2008.07.06"]
[Round "2.11"]
[White "Nijs, Nils"]
[Black "Sundararajan, Kidambi"]
[Result "1-0"]
[WhiteElo "2150"]
[BlackElo "2446"]
[PlyCount "83"]
[EventDate "2008.??.??"]

1. d4 e6 2. c4 Bb4+ 3. Nd2 c5 4. dxc5 Nf6 5. a3 Bxc5 6. b4 Be7 7. Bb2 a5 8. Qb3
O-O 9. e3 d5 10. Ngf3 axb4 11. axb4 Rxa1+ 12. Bxa1 Nc6 13. c5 b6 14. Qa4 d4 15.
Qxc6 dxe3 16. fxe3 Nd5 17. Bb5 bxc5 18. bxc5 Nxe3 19. Ke2 Nd5 20. Rc1 Bg5 21.
Qd6 Qa5 22. Nxg5 Qxb5+ 23. Kf2 Qd3 24. Ngf3 Qe3+ 25. Kg3 f5 26. h3 Qh6 27. Kh2
Ne3 28. Qd4 f4 29. Nc4 Nf5 30. Qe5 Bb7 31. Nd6 Bxf3 32. gxf3 Nh4 33. Qe2 Qh5
34. Qxe6+ Kh8 35. Qg4 Nxf3+ 36. Kh1 Qxg4 37. hxg4 Nd2 38. Nf5 Kg8 39. c6 Nb3
40. Rb1 Nxa1 41. Rxa1 g6 42. Nd6 1-0